Peristiwa Bukit Kepong

Bibliographic Details
Main Author: Syed Mahadzir Syed Ibrahim
Other Authors: Ann Lim
Format: Book
Published: Selangor : Cooray's House of Publications , 2007
Series:Siri 50 tahun Malaysia
Subjects:

MARC

LEADER 00000cam a2200000 7i4500
001 0000030333
005 20151222.0
008 110124
020 |a 9833704248 
090 0 0 |a HIST   |b MAL 
100 0 |a Syed Mahadzir Syed Ibrahim 
245 1 0 |a Peristiwa Bukit Kepong   |c Syed Mahadzir ; perekabentuk Ann Lim 
260 |a Selangor :   |b Cooray's House of Publications ,   |c 2007 
440 |a Siri 50 tahun Malaysia 
500 |a Children ages 10-12 years old (pink) 
650 0 |a Malaysia   |x History 
700 0 |a Ann Lim 
999 |a 0001069133   |b Book   |c Children Collection   |e Perbadanan Perpustakaan Awam Johor 
999 |a 0001069134   |b Book   |c Children Collection   |e Perbadanan Perpustakaan Awam Johor 
999 |a 0001069135   |b Book   |c Children Collection   |e Perbadanan Perpustakaan Awam Johor 
999 |a 0001069136   |b Book   |c Children Collection   |e Perbadanan Perpustakaan Awam Johor